Organový koncert Nová slovenská hudba

Bibliographic Details
Main Author: Čárska, Etela, 1941- (Author)
Format: Article
Language:Slovak
Subjects:

MARC

LEADER 00000nab a2200000 a 4500
001 vtls000476513
003 SK-MaSNL
005 20260401043908.0
008 230120c1993 xo 0 slo
015 |a SNBRB19rr/mm-uuuuu 
035 |a CL0476647 
035 |a urn:nbn:sk:snk-ab1zge 
035 |a (urnnbn)urn:nbn:sk:snk:ar-a01bhi 
035 |a (uuid)c693c0cb-7941-4b63-af2d-2f011f32185c 
040 |a SNKBUCL  |b slo  |c SNKBUCL  |e AACR2 
041 0 |a slo 
044 |a xo  |c SK 
080 |a 78.091.4:782/789  |2 1981 
080 |a 782/789  |2 1981 
080 |a 786.6  |2 1981 
100 1 |a Čárska, Etela,  |d 1941-  |4 aut  |9 1635959 
245 1 0 |a Organový koncert  |b Nová slovenská hudba  |c Etela Čárska 
300 |b Fotogr. 1 
650 0 7 |a Nová slovenská hudba 1992, Bratislava  |2 snkbucl  |9 976930 
650 0 7 |a hudba pre organ  |2 snkbucl  |9 3374 
655 7 |a články z novín a časopisov  |2 snkbucl  |9 267496 
773 0 |t Hudobný život '93  |g Roč. 25, č. 1 (1993), s. 5 
850 |a Slovenská národná knižnica v Martine  |a MTA001 
852 |a SNK  |b KIS3GCP 
954 |a odborná, vedecká literatúra pôvodná (slovenská)  |2 lita 
957 |a 5100 
958 |a OND 
958 |a RK 
958 |a EUIPO 
958 |a article27 
992 |a RBX 
999 |c 1840708  |d 1842638